[Event "Prague Cez Trophy m"]
[Site "Prague"]
[Date "2012.06.21"]
[Round "2"]
[White "Svidler, Peter"]
[Black "Navara, David"]
[Result "1-0"]
[WhiteElo "2741"]
[BlackElo "2706"]
[PlyCount "109"]
[EventDate "2012.06.20"]
[EventType "match"]
[EventRounds "4"]
[EventCountry "CZE"]
[SourceTitle "CBM 149"]
[Source "ChessBase"]
[SourceDate "2012.07.17"]
[SourceVersion "1"]
[SourceVersionDate "2012.07.17"]
[SourceQuality "1"]

1. e4 e5 2. Nf3 Nc6 3. Bb5 Nf6 4. d3 Bc5 5. c3 O-O 6. O-O d6 7. Nbd2 a6 8. Bxc6
bxc6 9. Re1 Re8 10. h3 Bb6 11. Nf1 h6 12. Ng3 Be6 13. Be3 Bxe3 14. Rxe3 c5 15.
Qc2 Nd7 16. d4 cxd4 17. cxd4 exd4 18. Nxd4 a5 19. b3 Nc5 20. Rd1 Bd7 21. e5
dxe5 22. Nf3 Nb7 23. Nxe5 Nd6 24. a4 Be6 25. Qc3 Qg5 26. Nf3 Qd8 27. Nd4 Kh8
28. Nh5 Qg5 29. Nxe6 Rxe6 30. Rxe6 fxe6 31. Qxc7 Qxh5 32. Qxd6 Qe2 33. Qd3 Qxd3
34. Rxd3 Rc8 35. Re3 Rc1+ 36. Kh2 Rc2 37. f3 Rc6 38. Re5 Ra6 39. Kg3 Kg8 40.
Kf4 Kf7 41. Rb5 Kf6 42. h4 Ra8 43. g4 Ra7 44. Ke4 g5 45. hxg5+ hxg5 46. Kd4
Rd7+ 47. Kc4 Ra7 48. b4 axb4 49. Kxb4 Ke7 50. Rxg5 Kd6 51. a5 Rf7 52. a6 Kc6
53. Ra5 Rf4+ 54. Kc3 Rxf3+ 55. Kd2 1-0

[Event "Prague Cez Trophy m"]
[Site "Prague"]
[Date "2012.06.24"]
[Round "4"]
[White "Svidler, Peter"]
[Black "Navara, David"]
[Result "1/2-1/2"]
[WhiteElo "2741"]
[BlackElo "2706"]
[PlyCount "56"]
[EventDate "2012.06.20"]
[EventType "match"]
[EventRounds "4"]
[EventCountry "CZE"]
[SourceTitle "CBM 149"]
[Source "ChessBase"]
[SourceDate "2012.07.17"]
[SourceVersion "1"]
[SourceVersionDate "2012.07.17"]
[SourceQuality "1"]

1. Nf3 Nf6 2. c4 e6 3. Nc3 Bb4 4. Qc2 b6 5. a3 Bxc3 6. Qxc3 Bb7 7. b4 O-O 8.
Bb2 d6 9. e3 e5 10. Be2 Ne4 11. Qc2 Ng5 12. Qf5 Nxf3+ 13. Bxf3 Bxf3 14. Qxf3
Nd7 15. Qc6 Nf6 16. f4 Qd7 17. Qxd7 Nxd7 18. fxe5 Nxe5 19. Bxe5 dxe5 20. Ke2
Rfd8 21. Rhc1 Rd6 22. c5 Rh6 23. cxb6 cxb6 24. h3 Rg6 25. Kf2 Rf6+ 26. Ke2 Rg6
27. Kf2 Rf6+ 28. Ke2 Rg6 1/2-1/2

[Event "RUS-ch 65th"]
[Site "Moscow"]
[Date "2012.08.05"]
[Round "3"]
[White "Alekseev, Evgeny V"]
[Black "Svidler, Peter"]
[Result "1/2-1/2"]
[WhiteElo "2673"]
[BlackElo "2749"]
[PlyCount "80"]
[EventDate "2012.08.03"]
[EventType "tourn"]
[EventRounds "9"]
[EventCountry "RUS"]
[EventCategory "18"]
[SourceTitle "CBM 150"]
[Source "ChessBase"]
[SourceDate "2012.09.14"]
[SourceVersion "1"]
[SourceVersionDate "2012.09.14"]
[SourceQuality "1"]

1. e4 g6 2. d4 Bg7 3. Nf3 d6 4. c3 Nf6 5. Bd3 O-O 6. O-O Nbd7 7. Re1 e5 8. Nbd2
Re8 9. Qc2 d5 10. dxe5 Ng4 11. e6 Rxe6 12. h3 Ngf6 13. exd5 Rxe1+ 14. Nxe1 Nxd5
15. Nb3 Ne5 16. Be4 Nf6 17. Bg5 h6 18. Rd1 Qe8 19. Bxf6 Bxf6 20. Na5 c6 21. Nf3
Nxf3+ 22. Bxf3 Kg7 23. Qe2 Qxe2 24. Bxe2 h5 25. g4 Be5 26. Nc4 Bc7 27. Nd6 Be6
28. Nxb7 hxg4 29. hxg4 Rb8 30. Nc5 Bxa2 31. b4 Rd8 32. Rxd8 Bxd8 33. Bf3 Bf6
34. Na4 Bb3 35. Bxc6 Bxa4 36. Bxa4 Bxc3 37. b5 Bd4 38. Kg2 g5 39. Bb3 Bb6 40.
Kf3 f6 1/2-1/2

[Event "St Petersburg Cup rapid"]
[Site "St Petersburg"]
[Date "2012.10.05"]
[Round "2"]
[White "Svidler, Peter"]
[Black "Khairullin, Ildar"]
[Result "1/2-1/2"]
[WhiteElo "2747"]
[BlackElo "2639"]
[PlyCount "42"]
[EventDate "2012.10.05"]
[EventType "tourn (rapid)"]
[EventRounds "11"]
[EventCountry "RUS"]
[EventCategory "18"]
[SourceTitle "CBM 150 Extra"]
[Source "ChessBase"]
[SourceDate "2012.10.19"]
[SourceVersion "1"]
[SourceVersionDate "2012.10.19"]
[SourceQuality "1"]

1. c4 Nf6 2. g3 e6 3. Bg2 d5 4. Nf3 Be7 5. O-O O-O 6. Qc2 d4 7. Ne5 Nfd7 8. Nd3
Nc6 9. c5 e5 10. b4 a5 11. b5 Nb4 12. Nxb4 axb4 13. c6 bxc6 14. Bxc6 Ra5 15. a4
Nc5 16. d3 Be6 17. Nd2 b3 18. Qb1 Rxa4 19. Rxa4 Nxa4 20. Nxb3 Nc3 21. Qc2 Bxb3
1/2-1/2

[Event "St Petersburg Cup rapid"]
[Site "St Petersburg"]
[Date "2012.10.05"]
[Round "3"]
[White "Alekseev, Evgeny V"]
[Black "Svidler, Peter"]
[Result "0-1"]
[WhiteElo "2683"]
[BlackElo "2747"]
[PlyCount "52"]
[EventDate "2012.10.05"]
[EventType "tourn (rapid)"]
[EventRounds "11"]
[EventCountry "RUS"]
[EventCategory "18"]
[SourceTitle "CBM 150 Extra"]
[Source "ChessBase"]
[SourceDate "2012.10.19"]
[SourceVersion "1"]
[SourceVersionDate "2012.10.19"]
[SourceQuality "1"]

1. e4 g6 2. d4 Bg7 3. Nf3 d6 4. c3 Nf6 5. Bd3 O-O 6. O-O c5 7. h3 Nfd7 8. d5
Na6 9. a4 Nc7 10. Bf4 f5 11. exf5 Nb6 12. c4 Bxf5 13. Bg5 Qd7 14. a5 Bxd3 15.
Qxd3 Na4 16. Qb3 b5 17. cxb5 Nxb2 18. Nc3 Rxf3 19. gxf3 Qxh3 20. b6 Nd3 21. Ne4
c4 22. Qd1 axb6 23. axb6 Rxa1 24. Qxa1 Bxa1 25. b7 Na6 26. Rxa1 Qd7 0-1

[Event "St Petersburg Cup rapid"]
[Site "St Petersburg"]
[Date "2012.10.05"]
[Round "4"]
[White "Svidler, Peter"]
[Black "Shimanov, Aleksandr"]
[Result "1-0"]
[WhiteElo "2747"]
[BlackElo "2599"]
[PlyCount "115"]
[EventDate "2012.10.05"]
[EventType "tourn (rapid)"]
[EventRounds "11"]
[EventCountry "RUS"]
[EventCategory "18"]
[SourceTitle "CBM 150 Extra"]
[Source "ChessBase"]
[SourceDate "2012.10.19"]
[SourceVersion "1"]
[SourceVersionDate "2012.10.19"]
[SourceQuality "1"]

1. c4 e6 2. g3 Nf6 3. Bg2 d5 4. Nf3 Be7 5. O-O O-O 6. d4 c6 7. Qc2 b6 8. Nbd2
Ba6 9. b3 Nbd7 10. e4 Rc8 11. Re1 c5 12. e5 Ne8 13. Bb2 Nc7 14. Rad1 Bb7 15. h4
h6 16. Qb1 b5 17. b4 dxc4 18. dxc5 Nd5 19. Nd4 a6 20. Nf1 Qc7 21. Nf5 exf5 22.
Bxd5 Bxd5 23. Rxd5 Qc6 24. Red1 Nb8 25. Qxf5 Qe6 26. Ne3 Nc6 27. a3 a5 28. Bc3
axb4 29. axb4 Ra8 30. Qc2 Ra3 31. Kg2 Rb3 32. Rd6 Bxd6 33. Rxd6 Qe8 34. Nd5
Nxe5 35. Rxh6 f5 36. Rd6 Nd3 37. Qd2 Rb1 38. Rg6 Ne5 39. Rg5 Qe6 40. Ne7+ Qxe7
41. Qd5+ Rf7 42. Bxe5 Kh7 43. c6 Re1 44. Rh5+ Kg6 45. Rg5+ Kh7 46. Bxg7 Qe2 47.
Bd4 Qe4+ 48. Qxe4 Rxe4 49. Bc3 Re6 50. Rh5+ Kg6 51. Rh8 Rfe7 52. h5+ Kg5 53.
Bd2+ Kf6 54. Bc3+ Kg5 55. Kh3 f4 56. g4 Rxc6 57. Rg8+ Kh6 58. Kh4 1-0

[Event "St Petersburg Cup rapid"]
[Site "St Petersburg"]
[Date "2012.10.06"]
[Round "7"]
[White "Matlakov, Maxim"]
[Black "Svidler, Peter"]
[Result "1/2-1/2"]
[WhiteElo "2665"]
[BlackElo "2747"]
[PlyCount "31"]
[EventDate "2012.10.05"]
[EventType "tourn (rapid)"]
[EventRounds "11"]
[EventCountry "RUS"]
[EventCategory "18"]
[SourceTitle "CBM 150 Extra"]
[Source "ChessBase"]
[SourceDate "2012.10.19"]
[SourceVersion "1"]
[SourceVersionDate "2012.10.19"]
[SourceQuality "1"]

1. d4 d5 2. c4 e6 3. Nf3 Nf6 4. Nc3 dxc4 5. e3 a6 6. a4 c5 7. Bxc4 Nc6 8. O-O
Be7 9. Qe2 cxd4 10. Rd1 e5 11. exd4 exd4 12. Nxd4 Nxd4 13. Qe5 Qd6 14. Qxd6
Bxd6 15. Rxd4 Bc5 16. Rd1 1/2-1/2

[Event "St Petersburg Cup rapid"]
[Site "St Petersburg"]
[Date "2012.10.06"]
[Round "8"]
[White "Svidler, Peter"]
[Black "Efimenko, Zahar"]
[Result "1-0"]
[WhiteElo "2747"]
[BlackElo "2689"]
[PlyCount "95"]
[EventDate "2012.10.05"]
[EventType "tourn (rapid)"]
[EventRounds "11"]
[EventCountry "RUS"]
[EventCategory "18"]
[SourceTitle "CBM 150 Extra"]
[Source "ChessBase"]
[SourceDate "2012.10.19"]
[SourceVersion "1"]
[SourceVersionDate "2012.10.19"]
[SourceQuality "1"]

1. c4 Nf6 2. Nc3 e5 3. Nf3 Nc6 4. a3 d5 5. cxd5 Nxd5 6. Qc2 Nb6 7. e3 Bd6 8. b4
O-O 9. Bb2 f5 10. d3 Kh8 11. Be2 Qe8 12. O-O Qg6 13. Nd2 Be6 14. Nb5 a6 15.
Nxd6 cxd6 16. Nc4 Bd5 17. f3 Nd7 18. e4 Bg8 19. exf5 Rxf5 20. d4 Qf6 21. Nxd6
Rf4 22. dxe5 Ndxe5 23. Rad1 Rf8 24. Qc3 Qg6 25. Qe3 Qh5 26. Rd2 Qg5 27. Ne4 Qh6
28. Rfd1 Ng4 29. Bxg7+ Kxg7 30. Qc3+ Nge5 31. Rd6 Qh5 32. Nc5 R4f6 33. Nxb7 Rh6
34. Rxh6 Qxh6 35. Nd6 Be6 36. Ne4 Kh8 37. Rd6 Qg7 38. Kh1 Bf5 39. Ng3 Bg6 40.
Bxa6 Ne7 41. Re6 N7c6 42. Bb5 Bf7 43. Nf5 Rd8 44. Be2 Nd4 45. Nxg7 Nxe2 46. Qa1
Nd3 47. Nf5+ Rd4 48. Rxe2 1-0

[Event "Moscow Aeroflot rapid final"]
[Site "Moscow"]
[Date "2013.02.16"]
[Round "1.1"]
[White "Svidler, Peter"]
[Black "Mamedov, Rauf"]
[Result "1-0"]
[WhiteElo "2747"]
[BlackElo "2651"]
[PlyCount "119"]
[EventDate "2013.02.16"]
[EventType "k.o. (rapid)"]
[EventRounds "4"]
[EventCountry "RUS"]
[SourceTitle "CBM 152 Extra"]
[Source "ChessBase"]
[SourceDate "2013.02.25"]
[SourceVersion "1"]
[SourceVersionDate "2013.02.25"]
[SourceQuality "1"]

1. c4 Nf6 2. g3 c6 3. Nf3 g6 4. b3 Bg7 5. Bb2 O-O 6. Bg2 d5 7. O-O a5 8. cxd5
cxd5 9. Nc3 Nc6 10. Rc1 e5 11. Nb5 e4 12. Ne5 Nxe5 13. Bxe5 Qe8 14. Bxf6 Qxb5
15. Bxg7 Kxg7 16. d3 Bf5 17. dxe4 dxe4 18. Rc4 Rfe8 19. Qd4+ Kg8 20. Rd1 Be6
21. Rc2 a4 22. b4 e3 23. fxe3 Rac8 24. Rdd2 a3 25. Bf3 b6 26. Kf2 h5 27. Rc3
Qf5 28. Rdd3 Qh3 29. Qh4 Qxh4 30. gxh4 Rxc3 31. Rxc3 Bxa2 32. Rxa3 Bc4 33. Ra7
Re5 34. Rc7 Be6 35. Bc6 b5 36. e4 g5 37. hxg5 Rxg5 38. Rb7 Bc4 39. Bd7 Re5 40.
Kf3 Kg7 41. Bf5 Re8 42. Ra7 Rd8 43. Bd7 Rb8 44. e5 Rb6 45. Bf5 Rc6 46. e4 Kf8
47. Kf4 Be2 48. Kg5 Rb6 49. h4 Rc6 50. Rb7 Ra6 51. Bh7 Re6 52. Bf5 Re7 53. Rxe7
Kxe7 54. Bc8 Kd8 55. Bb7 Ke7 56. Bd5 Bg4 57. Kf4 f6 58. exf6+ Kxf6 59. e5+ Ke7
60. Bf3 1-0

[Event "Moscow Aeroflot rapid final"]
[Site "Moscow"]
[Date "2013.02.16"]
[Round "1.2"]
[White "Mamedov, Rauf"]
[Black "Svidler, Peter"]
[Result "1/2-1/2"]
[WhiteElo "2651"]
[BlackElo "2747"]
[PlyCount "122"]
[EventDate "2013.02.16"]
[EventType "k.o. (rapid)"]
[EventRounds "4"]
[EventCountry "RUS"]
[SourceTitle "CBM 152 Extra"]
[Source "ChessBase"]
[SourceDate "2013.02.25"]
[SourceVersion "1"]
[SourceVersionDate "2013.02.25"]
[SourceQuality "1"]

1. e4 c5 2. Nf3 e6 3. b3 a6 4. Bb2 Nc6 5. g3 d5 6. e5 g5 7. h3 Bg7 8. Qe2 h6 9.
c3 f6 10. exf6 Qxf6 11. Bg2 Nge7 12. O-O O-O 13. d4 e5 14. dxe5 Nxe5 15. Nxe5
Qxe5 16. Qxe5 Bxe5 17. Re1 Bf6 18. Ba3 Rd8 19. Bxc5 Nc6 20. Bb6 Rd6 21. Rd1 Be6
22. Nd2 Rd7 23. Rac1 Rc8 24. Nf1 Ne7 25. c4 dxc4 26. Rxd7 Bxd7 27. Rxc4 Rxc4
28. bxc4 Bc6 29. Ne3 Kf7 30. Bf1 Ke6 31. Bd3 Bf3 32. Bc5 Nc6 33. Bf5+ Kf7 34.
Bc8 Bd4 35. Bxd4 Nxd4 36. Kf1 a5 37. Ke1 b6 38. Kd2 Be4 39. Kc3 Ne2+ 40. Kd2
Nd4 41. Nd5 Bxd5 42. cxd5 Nb5 43. Kd3 Kf6 44. Bd7 Nd6 45. Kd4 Ke7 46. Be6 Kf6
47. a4 b5 48. axb5 Nxb5+ 49. Kc5 a4 50. Kxb5 a3 51. d6 Kxe6 52. Kc6 a2 53. d7
a1=Q 54. d8=Q Qc3+ 55. Kb7 Qf3+ 56. Kc7 Qc3+ 57. Kb8 Qb2+ 58. Kc8 Qxf2 59. Qe8+
Kd5 60. Qd7+ Ke4 61. Qc6+ Ke3 1/2-1/2

[Event "Moscow Aeroflot rapid final"]
[Site "Moscow"]
[Date "2013.02.16"]
[Round "2.1"]
[White "Nepomniachtchi, Ian"]
[Black "Svidler, Peter"]
[Result "1-0"]
[WhiteElo "2703"]
[BlackElo "2747"]
[PlyCount "107"]
[EventDate "2013.02.16"]
[EventType "k.o. (rapid)"]
[EventRounds "4"]
[EventCountry "RUS"]
[SourceTitle "CBM 152 Extra"]
[Source "ChessBase"]
[SourceDate "2013.02.25"]
[SourceVersion "1"]
[SourceVersionDate "2013.02.25"]
[SourceQuality "1"]

1. d4 d6 2. e4 Nf6 3. Nc3 g6 4. Nf3 Bg7 5. Be2 O-O 6. O-O c6 7. a4 Qa5 8. h3
Nbd7 9. Be3 Re8 10. Nd2 Qc7 11. f4 e6 12. g4 h6 13. Qe1 c5 14. dxc5 Nxc5 15.
Qf2 b6 16. g5 Nh7 17. h4 hxg5 18. hxg5 Bb7 19. Bf3 Rad8 20. Bg2 f5 21. gxf6
Nxf6 22. Qg3 Qf7 23. Rae1 d5 24. exd5 Nxd5 25. Nxd5 Bxd5 26. Bxc5 bxc5 27. c3
Bxg2 28. Qxg2 Qf5 29. Nf3 Bf6 30. Ne5 Kg7 31. Re3 Bh4 32. Rh3 Rd2 33. Qb7+ Re7
34. Qf3 Bf6 35. Nc4 Rdd7 36. Ne3 Qd3 37. Qh1 Qe2 38. Qe4 Rd2 39. Qa8 Kf7 40.
Qe4 Kg7 41. Kh1 Qd3 42. Qxd3 Rxd3 43. Nf5+ gxf5 44. Rxd3 Rb7 45. Rf2 Kf7 46.
Re2 Be7 47. a5 Rc7 48. Rh3 Rc6 49. Rh6 c4 50. Kg2 a6 51. Kf3 Bd8 52. Rh7+ Kf8
53. Rd2 Bxa5 54. Rdd7 1-0

[Event "Moscow Aeroflot rapid final"]
[Site "Moscow"]
[Date "2013.02.16"]
[Round "2.2"]
[White "Svidler, Peter"]
[Black "Nepomniachtchi, Ian"]
[Result "1-0"]
[WhiteElo "2747"]
[BlackElo "2703"]
[PlyCount "110"]
[EventDate "2013.02.16"]
[EventType "k.o. (rapid)"]
[EventRounds "4"]
[EventCountry "RUS"]
[SourceTitle "CBM 152 Extra"]
[Source "ChessBase"]
[SourceDate "2013.02.25"]
[SourceVersion "1"]
[SourceVersionDate "2013.02.25"]
[SourceQuality "1"]

1. g3 d5 2. Bg2 Nf6 3. d3 g6 4. Nd2 Bg7 5. e4 Nc6 6. Ngf3 dxe4 7. dxe4 O-O 8.
O-O e5 9. c3 a5 10. Qc2 h6 11. b3 Be6 12. a4 Qc8 13. Re1 Rd8 14. Ba3 Bh3 15. b4
Bxg2 16. Kxg2 axb4 17. cxb4 Nd4 18. Nxd4 exd4 19. Bb2 Ra6 20. b5 Re6 21. Rac1
c6 22. Qd3 Qa8 23. bxc6 Rxc6 24. Rxc6 bxc6 25. Ra1 c5 26. a5 Ng4 27. Nc4 Qa6
28. h3 Nf6 29. Ra3 Nd7 30. Rb3 Qc6 31. Bc1 Rb8 32. Rxb8+ Nxb8 33. Nb6 Qb7 34.
f3 Qa6 35. Qxa6 Nxa6 36. Kf2 f5 37. exf5 gxf5 38. Ke2 Kf7 39. Kd3 Ke6 40. Kc4
Kd6 41. g4 fxg4 42. fxg4 Kc6 43. Nd5 Bf8 44. h4 Nb8 45. h5 Nd7 46. Bf4 d3 47.
Ne3 d2 48. Kd3 Kb5 49. Kxd2 Kxa5 50. Nf5 Nf6 51. Nxh6 Kb5 52. Ke2 Bxh6 53. Bxh6
Nxg4 54. Bg7 Kc6 55. Kf3 Nh2+ 1-0

[Event "Moscow Aeroflot rapid final"]
[Site "Moscow"]
[Date "2013.02.16"]
[Round "2.3"]
[White "Nepomniachtchi, Ian"]
[Black "Svidler, Peter"]
[Result "1-0"]
[WhiteElo "2703"]
[BlackElo "2747"]
[PlyCount "72"]
[EventDate "2013.02.16"]
[EventType "k.o. (rapid)"]
[EventRounds "4"]
[EventCountry "RUS"]
[SourceTitle "CBM 152 Extra"]
[Source "ChessBase"]
[SourceDate "2013.02.25"]
[SourceVersion "1"]
[SourceVersionDate "2013.02.25"]
[SourceQuality "1"]

1. d4 d6 2. e4 Nf6 3. Nc3 g6 4. Nf3 Bg7 5. Be2 O-O 6. O-O Nbd7 7. Re1 e5 8. a4
exd4 9. Nxd4 Re8 10. Bf1 c6 11. Nb3 Qc7 12. Bf4 Ne5 13. h3 Be6 14. Nd4 Bc4 15.
Bh2 Bxf1 16. Rxf1 Rad8 17. Re1 Qb6 18. Nb3 a5 19. Qe2 d5 20. exd5 Nxd5 21. Nxd5
cxd5 22. Rad1 Qc6 23. Nxa5 Qxa4 24. Nxb7 Rb8 25. Nc5 Qc6 26. Nb3 Nc4 27. Qf1
Rbc8 28. Nd4 Qb6 29. Nf3 Qxb2 30. Rxd5 Rxe1 31. Nxe1 Qc1 32. Qe2 Na3 33. Rd1
Qb2 34. Qa6 Re8 35. Qa4 Rc8 36. Qd7 Ra8 1-0

[Event "Alekhine Memorial"]
[Site "Paris/St Petersburg"]
[Date "2013.04.24"]
[Round "4"]
[White "Aronian, Levon"]
[Black "Svidler, Peter"]
[Result "1-0"]
[WhiteElo "2809"]
[BlackElo "2747"]
[Annotator "Krasenkow,M"]
[PlyCount "71"]
[EventDate "2013.04.21"]
[EventType "tourn"]
[EventRounds "9"]
[EventCountry "FRA"]
[EventCategory "20"]
[SourceTitle "CBM 154"]
[Source "ChessBase"]
[SourceDate "2013.05.15"]
[SourceVersion "1"]
[SourceVersionDate "2013.05.15"]
[SourceQuality "1"]

1. d4 Nf6 2. c4 g6 3. Nc3 d5 4. Nf3 Bg7 5. cxd5 Nxd5 6. e4 Nxc3 7. bxc3 c5 8.
Rb1 O-O 9. Be2 b6 10. O-O Qc7 11. Bg5 e6 12. Qd2 Bb7 13. Qe3 Nd7 {A slightly
unusual move order has led to a well-known theoretical position. Our latest
examination of this position can be found in CBM 114 (Gelfand - Svidler) and
115 (Gelfand - Ruck).} 14. Bf4 $5 {A rare continuation, carefully prepared by
GM Levon Aronian.} (14. e5 {is the main line.}) 14... e5 (14... Qc8 {is hardly
fortunate; White can play, say,} 15. Bd6 $5 Rd8 16. e5) 15. Bg3 Rae8 (15...
cxd4 16. cxd4 exd4 17. Nxd4 Qc5 18. Rfd1 Rfe8 19. f3 $14 {[%csl Rb7]}) 16. d5
$146 {[%mdl 8]} (16. Bb5 exd4 $1 (16... Bc6 $143 17. Bxc6 Qxc6 18. d5 Qa4 19.
Nd2 f5 20. Bh4 Bf6 21. Bxf6 Nxf6 22. f3 fxe4 23. fxe4 Nh5 24. g3 Qxa2 25. Nf3
$44 {1-0 (69) Peralta,F (2557)-Lopez Martinez,J (2547) San Sebastian 2008}) 17.
cxd4 Qc8 {[%csl Re4]} 18. e5 Bxf3 19. Qxf3 cxd4 20. Rfc1 Qd8 {with a good
position for Black.}) 16... f5 17. Bh4 {The position of this bishop looks
vulnerable but that is just an illusion.} h6 (17... fxe4 18. Bc4 $1 Qd6 (18...
Kh8 19. Ng5) 19. Nd2 Bxd5 20. Nxe4 Qe6 21. Bxd5 Qxd5 22. Rbd1 $36) (17... f4
18. Qd3 {[%cal Rd5d6,Rh4e7]}) 18. exf5 gxf5 19. Rfd1 Qd6 20. Nd2 $1 {[%csl Gc4]
} Qg6 (20... Bxd5 21. Nc4 Qc6 22. Rxd5 Qxd5 23. Rd1 Qf7 24. Nd6 Qg6 25. Nxe8
Qxe8 26. Bc4+ Kh7 (26... Kh8 27. Rd6 Kh7 28. Bb5 $18) 27. Qh3 (27. Bb5 Qh5 28.
Rxd7 Qxh4 29. Qxe5 Qf6 $14) 27... Nf6 28. Qxf5+ $16) 21. Qg3 Qxg3 22. hxg3 Bf6
(22... Bxd5 23. Nc4 Be6 24. Nd6 Rb8 (24... Ra8 25. Nb5 {[%cal Rb5c7,Rd1d6]})
25. Be7 e4 26. Bxf8 Kxf8 27. Bc4 $1 {, and Black doesn't get enough
compensation for the exchange.}) 23. Bb5 Re7 24. Bxd7 Rxd7 25. Bxf6 Rxf6 26. c4
$14 {As a result, White has obtained a favourable ending. His knight is
stronger than Black's restricted bishop; Black's e5-pawn is vulnerable (and ...
e5-e4 weakens the f4-square); finally, White has an unpleasant undermining
plan a2-a4-a5.} Rg7 27. Rb3 Rg4 {An attempt at counterplay.} 28. Rc1 Rd4 29.
Nf3 Re4 30. Ra3 {Taking advantage of the fact that one of Black's rooks is "in
the field", White wants to provoke ...a7-a6 and then attack the b6-pawn
directly.} a6 31. Rb3 b5 $2 {Obvious but wrong! It was better to wait.} (31...
Kg7 32. Rb2 Bc8 $1) 32. Rb2 $1 {[%csl Rc5][%cal Yf3d2,Yd2b3][%mdl 32] Now the
weakness of Black's c5-pawn proves crucial.} (32. cxb5 Bxd5 33. Ra3 $1 Rc4 34.
Rxc4 Bxc4 35. Rxa6 Rxa6 36. bxa6 Bxa6 37. Nxe5 Bb5 {was not so clear.}) 32...
Rf7 $6 {This loses at once but Black had no good defence in any case.} (32...
Rd6 33. a4 $1 b4 34. Nd2 $18) (32... Rb6 33. cxb5 (33. a4 $5) 33... c4 34. Rd2
$1 {[%cal Rd5d6]}) 33. cxb5 axb5 34. Rxc5 b4 35. d6 Rd7 36. Rd2 {[%cal Rf3e5]}
1-0